[Event "DLM 2007"]
[Site "Verden/Aller GER"]
[Date "2007.10.01"]
[Round "5"]
[White "Hirneise, Jens"]
[Black "Kyas, Marcel"]
[Result "1/2-1/2"]
[Termination "normal"]
[Board "2.3"]
[WhiteElo "2090"]
[BlackElo "1952"]
[WhiteTeam "Württemberg"]
[BlackTeam "Niedersachsen II"]
[PlyCount "131"]
[WhiteFideId "24614734"]
[BlackFideId "24642037"]
[EventCountry "GER"]
[EventRounds "7"]
[EventType "team-swiss"]
[EventDate "2007.09.28"]

1. e4 c5 2. Nf3 d6 3. d4 cxd4 4. Nxd4 Nf6 5. Nc3 a6 6. Be3 e5 7. Nb3 Be6 8. f3
Nbd7 9. g4 Nb6 10. Qd2 d5 11. exd5 Nbxd5 12. Nxd5 Nxd5 13. Bd3 Nxe3 14. Qxe3
Qh4+ 15. Qf2 Qxf2+ 16. Kxf2 Bd5 17. c4 Be6 18. Rhe1 Bd6 19. Rac1 O-O 20. Be4
Rab8 21. Red1 Bc7 22. Bd5 Bxd5 23. Rxd5 f5 24. Rd7 Bb6+ 25. c5 Bd8 26. gxf5
Rxf5 27. Rc4 Rh5 28. Rg4 Bf6 29. Kg3 e4 30. Rxe4 Re5 31. Rxe5 Bxe5+ 32. f4 Bxb2
33. Na5 Rc8 34. Nxb7 Ba3 35. Rd6 Bxc5 36. Nxc5 Rxc5 37. Rxa6 Rc1 38. a4 Rg1+
39. Kf2 Rh1 40. Kg2 Ra1 41. Ra7 Ra3 42. a5 h5 43. f5 h4 44. a6 h3+ 45. Kf2 Ra5
46. Kg3 Rxf5 47. Ra8+ Kh7 48. a7 Ra5 49. Kxh3 Ra4 50. Kg3 g5 51. h3 Kg7 52. Kf3
Kh7 53. Ke3 Kg7 54. Kd2 Kh7 55. Kc3 Kg7 56. Kb3 Ra5 57. Kb4 Ra1 58. Kb5 Rb1+
59. Kc6 Rc1+ 60. Kd6 Rd1+ 61. Ke6 Ra1 62. Kf5 Ra5+ 63. Kg4 Kh7 64. Kh5 Kg7 65.
Kg4 Kh7 66. Kh5 1/2-1/2

[Event "DLM 2007"]
[Site "Verden/Aller GER"]
[Date "2007.10.01"]
[Round "5"]
[White "Günnigmann, Manuel"]
[Black "Zikeli, Saskia"]
[Result "1-0"]
[Termination "normal"]
[Board "2.4"]
[WhiteElo "1969"]
[BlackElo "2091"]
[WhiteTeam "Niedersachsen II"]
[BlackTeam "Württemberg"]
[PlyCount "110"]
[WhiteFideId "24640360"]
[BlackFideId "24601543"]
[EventCountry "GER"]
[EventRounds "7"]
[EventType "team-swiss"]
[EventDate "2007.09.28"]

1. e4 c5 2. Nf3 d6 3. d4 cxd4 4. Nxd4 Nf6 5. Nc3 a6 6. f3 e5 7. Nb3 Be6 8. Be3
Be7 9. Qd2 O-O 10. O-O-O Nbd7 11. g4 b5 12. g5 b4 13. Ne2 Ne8 14. f4 a5 15. f5
a4 16. Nbd4 exd4 17. Nxd4 b3 18. Kb1 bxc2+ 19. Nxc2 Bb3 20. axb3 axb3 21. Na3
Ne5 22. h4 Ra4 23. Rh3 Qa8 24. Qd5 Qb8 25. Bd4 Nc7 26. Qxb3 Rb4 27. Qc2 Qb7 28.
Bxe5 dxe5 29. Rd7 Rb8 30. Rxc7 Rxb2+ 31. Ka1 Qb6 32. Rc8+ Rxc8 33. Qxb2 Qa5 34.
Ka2 Qa4 35. Rc3 Ra8 36. Bd3 Bd6 37. Rb3 Qa5 38. Bc4 Rc8 39. Bd5 Qc5 40. g6 h6
41. gxf7+ Kf8 42. Qd2 Be7 43. Qe3 Qa5 44. Qd3 Bxh4 45. Qe2 Be7 46. Kb2 Bc5 47.
Nc2 Qc7 48. Qd2 Be7 49. Qc3 Qd7 50. Qd3 Qc7 51. Rb7 Rb8 52. Rxb8+ Qxb8+ 53. Qb3
Qxb3+ 54. Kxb3 Bd6 55. Kc3 Ke7 1-0

[Event "DLM 2007"]
[Site "Verden/Aller GER"]
[Date "2007.10.01"]
[Round "5"]
[White "Braun, Georg"]
[Black "Schreiner, Till"]
[Result "1/2-1/2"]
[Termination "normal"]
[Board "2.5"]
[WhiteElo "1887"]
[BlackElo "2003"]
[WhiteTeam "Württemberg"]
[BlackTeam "Niedersachsen II"]
[PlyCount "160"]
[WhiteFideId "24629383"]
[BlackFideId "24675555"]
[EventCountry "GER"]
[EventRounds "7"]
[EventType "team-swiss"]
[EventDate "2007.09.28"]

1. e4 c5 2. Nf3 d6 3. d4 cxd4 4. Nxd4 Nf6 5. Nc3 a6 6. a4 e5 7. Nb3 Be7 8. Be2
Be6 9. O-O d5 10. exd5 Nxd5 11. Nxd5 Bxd5 12. Be3 O-O 13. Bf3 e4 14. Be2 Bf6
15. c3 Bxb3 16. Qxb3 Qc7 17. Qc4 Qxc4 18. Bxc4 Nc6 19. Rad1 Rac8 20. Ba2 b5 21.
axb5 axb5 22. Rfe1 Ne5 23. Bb1 Nc4 24. Bc1 b4 25. cxb4 e3 26. b3 exf2+ 27. Kxf2
Ne5 28. Bf5 Rc3 29. Re3 Rc7 30. h3 g6 31. Be4 Rb8 32. Bd2 Bg5 33. Rc3 Rd7 34.
Ke2 Bxd2 35. Rxd2 Rxd2+ 36. Kxd2 Rxb4 37. Bc2 Kg7 38. Rc5 Kf6 39. Kc3 Rb6 40.
b4 Ke6 41. Bb3+ Kf6 42. b5 Nd7 43. Rd5 Ke7 44. Kb4 f5 45. Ka5 Rd6 46. b6 Rxd5+
47. Bxd5 Nb8 48. b7 h6 49. Kb5 Kd6 50. Bf3 g5 51. Kc4 Ke5 52. g3 f4 53. g4 Nd7
54. Bg2 Nb8 55. Kc5 Ke6 56. Kd4 Kd6 57. Ke4 Ke6 58. Bf1 Nd7 59. Bc4+ Kd6 60.
Kf5 Kc7 61. Bd5 Nc5 62. Kg6 Nxb7 63. Kxh6 Nc5 64. Kxg5 Kd6 65. Bf3 Ne6+ 66. Kf5
Ke7 67. Bd5 Nd4+ 68. Kxf4 Kf6 69. h4 Ne2+ 70. Ke3 Ng3 71. Bc4 Kg6 72. Kf3 Nh5
73. Bd3+ Kh6 74. g5+ Kg7 75. Kg4 Nf6+ 76. Kf5 Nh5 77. g6 Nf6 78. Kg5 Nh7+ 79.
Kg4 Nf6+ 80. Kf4 Nh5+ 1/2-1/2

[Event "DLM 2007"]
[Site "Verden/Aller GER"]
[Date "2007.10.01"]
[Round "5"]
[White "Marquardt, Patrick"]
[Black "Mai, Felicitas"]
[Result "1-0"]
[Termination "normal"]
[Board "2.7"]
[WhiteElo "1768"]
[BlackElo "1616"]
[WhiteTeam "Württemberg"]
[BlackTeam "Niedersachsen II"]
[PlyCount "49"]
[WhiteFideId "4670086"]
[BlackFideId "4635345"]
[EventCountry "GER"]
[EventRounds "7"]
[EventType "team-swiss"]
[EventDate "2007.09.28"]

1. e4 e6 2. d4 d5 3. e5 c5 4. c3 Nc6 5. Nf3 Qb6 6. a3 c4 7. Nbd2 Bd7 8. g3 Nge7
9. Bxc4 Nf5 10. Bd3 Rc8 11. O-O Be7 12. Ne1 h5 13. Ng2 Qc7 14. Qe2 g5 15. Ne3
Bf8 16. Bxf5 exf5 17. Nxd5 Qd8 18. Nf6+ Ke7 19. d5 Nb8 20. Nf3 Bg7 21. Bxg5 Qb6
22. d6+ Kf8 23. Nxd7+ Nxd7 24. e6 Nc5 25. Be7+ 1-0

[Event "DLM 2007"]
[Site "Verden/Aller GER"]
[Date "2007.10.01"]
[Round "5"]
[White "Flacke, Leonie"]
[Black "Schäfer, Daniela"]
[Result "0-1"]
[Termination "normal"]
[Board "2.8"]
[WhiteElo "1052"]
[BlackElo "1569"]
[WhiteTeam "Niedersachsen II"]
[BlackTeam "Württemberg"]
[PlyCount "102"]
[BlackFideId "4624769"]
[EventCountry "GER"]
[EventRounds "7"]
[EventType "team-swiss"]
[EventDate "2007.09.28"]

1. e4 g6 2. Nf3 Bg7 3. Nc3 d6 4. d4 Nf6 5. Bd3 O-O 6. Be3 Nbd7 7. Qd2 Ng4 8.
O-O-O Nxe3 9. fxe3 a6 10. Rhf1 b5 11. Kb1 c5 12. Rf2 Nb6 13. Rdf1 b4 14. Nd5
Nxd5 15. exd5 Bb7 16. Bc4 h6 17. h3 a5 18. g4 Ba6 19. Qd3 Qb6 20. g5 h5 21. c3
Bxc4 22. Qxc4 Qa6 23. Qxa6 Rxa6 24. c4 a4 25. h4 Raa8 26. dxc5 dxc5 27. Nd2 e6
28. d6 a3 29. b3 Rad8 30. Ne4 Be5 31. Nxc5 Rxd6 32. Ne4 Rd3 33. Re2 Rfd8 34. c5
Rc8 35. Rc1 Bb2 36. Rc4 Rd1+ 37. Kc2 Ra1 38. Rxb4 Rxa2 39. Kd1 Ra1+ 40. Kc2
Rc1+ 41. Kd3 a2 42. Nf6+ Kg7 43. Ra4 a1=Q 44. Rxa1 Bxa1 45. b4 Rc3+ 46. Kd2 Rb3
47. Kc2 Rxb4 48. Rd2 Rb2+ 49. Kd1 Rxd2+ 50. Kxd2 Bxf6 51. gxf6+ Kxf6 0-1

[Event "DLM 2007"]
[Site "Verden/Aller GER"]
[Date "2007.10.01"]
[Round "5"]
[White "Kaczmarczyk, Dennis"]
[Black "Ollenberger, Roland"]
[Result "1-0"]
[Termination "normal"]
[Board "3.1"]
[WhiteElo "2135"]
[BlackElo "2129"]
[WhiteTeam "Baden"]
[BlackTeam "Rheinland-Pfalz"]
[PlyCount "115"]
[WhiteFideId "24608297"]
[BlackFideId "24608440"]
[EventCountry "GER"]
[EventRounds "7"]
[EventType "team-swiss"]
[EventDate "2007.09.28"]

1. d4 d6 2. e4 Nf6 3. Nc3 g6 4. Be3 Bg7 5. Qd2 O-O 6. f3 Nbd7 7. O-O-O c6 8.
Bh6 b5 9. h4 b4 10. Nb1 Qa5 11. Bxg7 Kxg7 12. h5 Nxh5 13. g4 Nhf6 14. Qh6+ Kg8
15. Nh3 Rd8 16. g5 Ne8 17. Nf4 Nf8 18. Bc4 d5 19. Bb3 Ng7 20. Nd3 Be6 21. Nc5
Qc7 22. e5 Bf5 23. Nd2 Nge6 24. Nde4 dxe4 25. Bxe6 fxe6 26. fxe4 Qc8 27. exf5
exf5 28. Rd3 e6 29. Rdh3 Qc7 30. Qh4 a5 31. Qf2 Qe7 32. Qf4 Rd5 33. c4 bxc3 34.
Rxc3 Rb8 35. a3 Nd7 36. Na6 Rc8 37. Kb1 Rb5 38. Rhc1 Nb6 39. Qf1 Qb7 40. Nc5
Qe7 41. Na6 Qd7 42. Qd3 Nd5 43. Rc5 Rxc5 44. Nxc5 Qe7 45. Qa6 Rc7 46. Qa8+ Kg7
47. Qxa5 Ra7 48. Nxe6+ Kf7 49. Qc5 Qxc5 50. Nxc5 Nf4 51. Rc3 Ne2 52. Rh3 Ke8
53. Rd3 Nf4 54. Rb3 Ra8 55. Rb7 Rd8 56. a4 Rxd4 57. a5 Nd5 58. a6 1-0

[Event "DLM 2007"]
[Site "Verden/Aller GER"]
[Date "2007.10.01"]
[Round "5"]
[White "Dann, Matthias"]
[Black "Hirschberg, Valerian"]
[Result "1-0"]
[Termination "normal"]
[Board "3.2"]
[WhiteElo "2109"]
[BlackElo "2026"]
[WhiteTeam "Rheinland-Pfalz"]
[BlackTeam "Baden"]
[PlyCount "77"]
[WhiteFideId "24638056"]
[BlackFideId "24628492"]
[EventCountry "GER"]
[EventRounds "7"]
[EventType "team-swiss"]
[EventDate "2007.09.28"]

1. e4 c5 2. Nf3 a6 3. c4 e6 4. Nc3 Qc7 5. g3 b6 6. Bg2 Bb7 7. O-O Nf6 8. Re1 d6
9. b3 Be7 10. Bb2 Nbd7 11. d4 cxd4 12. Nxd4 O-O 13. h3 Rac8 14. Kh2 Qb8 15. f4
Qa8 16. Qe2 Rfd8 17. g4 Bf8 18. g5 Ne8 19. h4 Nc7 20. Bh3 d5 21. cxd5 exd5 22.
e5 Bc5 23. Na4 Bxd4 24. Bxd4 Ne6 25. Bxe6 fxe6 26. f5 Rc6 27. g6 hxg6 28. fxg6
Qc8 29. Qh5 Rc2+ 30. Kh1 Nf8 31. Nxb6 Qc7 32. Rf1 Nxg6 33. Qxg6 Rd2 34. Qxe6+
Kh8 35. Rac1 Rc2 36. Rxc2 Qxc2 37. Qf5 Qe2 38. e6 Re8 39. Qf3 1-0

[Event "DLM 2007"]
[Site "Verden/Aller GER"]
[Date "2007.10.01"]
[Round "5"]
[White "Petermann, Michail"]
[Black "Gölz, Daniel"]
[Result "1/2-1/2"]
[Termination "normal"]
[Board "3.3"]
[WhiteElo "2006"]
[BlackElo "1974"]
[WhiteTeam "Baden"]
[BlackTeam "Rheinland-Pfalz"]
[PlyCount "90"]
[WhiteFideId "24643530"]
[BlackFideId "24626325"]
[EventCountry "GER"]
[EventRounds "7"]
[EventType "team-swiss"]
[EventDate "2007.09.28"]

1. d4 Nf6 2. Nf3 d6 3. c4 Bf5 4. Nc3 h6 5. Qb3 Qc8 6. h3 Nbd7 7. Bf4 g5 8. Bd2
Bg7 9. e3 O-O 10. Be2 e5 11. O-O c6 12. Rfe1 Qc7 13. Bf1 g4 14. hxg4 Bxg4 15.
Nh2 h5 16. Qc2 Be6 17. Bd3 d5 18. cxd5 cxd5 19. Rac1 Rac8 20. Qb1 Qb8 21. dxe5
Nxe5 22. Nb5 Nfg4 23. Rxc8 Rxc8 24. Nf1 Nxd3 25. Qxd3 Be5 26. f4 Bxb2 27. Bc3
Bxc3 28. Nxc3 Qc7 29. Nb5 Qc2 30. Qxc2 Rxc2 31. Nxa7 Rxa2 32. Nb5 Bf5 33. Ng3
Bg6 34. Nd6 Ra3 35. f5 Bh7 36. Nxh5 Ra6 37. Rc1 Ra8 38. g3 Nxe3 39. Nf6+ Kg7
40. Nxh7 Kxh7 41. Rc7 Ra1+ 42. Kf2 Ng4+ 43. Kf3 Nh6 44. Rxb7 Kg7 45. Kf4 Ra4+
1/2-1/2

[Event "DLM 2007"]
[Site "Verden/Aller GER"]
[Date "2007.10.01"]
[Round "5"]
[White "Endress, Anna"]
[Black "Sarchisov, Slavik"]
[Result "0-1"]
[Termination "normal"]
[Board "3.4"]
[WhiteElo "1967"]
[BlackElo "1842"]
[WhiteTeam "Rheinland-Pfalz"]
[BlackTeam "Baden"]
[PlyCount "106"]
[WhiteFideId "24629472"]
[BlackFideId "24647888"]
[EventCountry "GER"]
[EventRounds "7"]
[EventType "team-swiss"]
[EventDate "2007.09.28"]

1. e4 d6 2. d4 Nf6 3. Nc3 g6 4. Bg5 Bg7 5. e5 dxe5 6. dxe5 Ng4 7. Qxd8+ Kxd8 8.
Nd5 Nc6 9. Rd1 Bd7 10. f4 h6 11. Bh4 g5 12. h3 Ngxe5 13. fxg5 hxg5 14. Bxg5 f6
15. Bf4 e6 16. Ne3 Ng6 17. Bh2 Nce5 18. Be2 Ke7 19. Nf3 f5 20. c3 Bc6 21. Nd4
Be4 22. Nc4 Nxc4 23. Bxc4 Bxd4 24. Rxd4 e5 25. Rd1 Rxh3 26. gxh3 Bxh1 27. Kf2
Be4 28. b4 Rh8 29. Bf1 Rd8 30. Rxd8 Kxd8 31. Be2 Ke7 32. h4 Kf6 33. h5 Nf8 34.
Bg3 Bd5 35. c4 Bf7 36. Bh4+ Kg7 37. Be7 Ne6 38. a3 Nf4 39. Bd8 Nxe2 40. Kxe2
Bxh5+ 41. Ke3 c6 42. Bc7 Kf6 43. b5 f4+ 44. Kf2 Kf5 45. a4 a6 46. bxa6 bxa6 47.
a5 e4 48. Bb6 Bd1 49. Bd4 Bb3 50. c5 Bc4 51. Bg7 e3+ 52. Ke1 Ke4 53. Bh6 f3 0-1

[Event "DLM 2007"]
[Site "Verden/Aller GER"]
[Date "2007.10.01"]
[Round "5"]
[White "Frey, Alisa"]
[Black "Grünter, Martin"]
[Result "0-1"]
[Termination "normal"]
[Board "3.5"]
[WhiteElo "1920"]
[BlackElo "1952"]
[WhiteTeam "Baden"]
[BlackTeam "Rheinland-Pfalz"]
[PlyCount "56"]
[WhiteFideId "24634662"]
[BlackFideId "24640352"]
[EventCountry "GER"]
[EventRounds "7"]
[EventType "team-swiss"]
[EventDate "2007.09.28"]

1. e4 c5 2. Nf3 d6 3. d4 cxd4 4. Nxd4 Nf6 5. Nc3 a6 6. Be3 e5 7. Nb3 Be6 8. f3
Be7 9. Qd2 O-O 10. O-O-O Nbd7 11. g4 Qc7 12. h4 b5 13. h5 b4 14. Nd5 Bxd5 15.
exd5 a5 16. g5 a4 17. Na1 a3 18. gxf6 axb2+ 19. Kxb2 Qa5 20. Bc4 Bxf6 21. Qf2
Rfc8 22. Qe2 Qa3+ 23. Kb1 Qc3 24. Bb5 Nc5 25. Bd2 Qa3 26. Qc4 b3 27. cxb3 Qxa2+
28. Kc1 Qxa1+ 0-1

[Event "DLM 2007"]
[Site "Verden/Aller GER"]
[Date "2007.10.01"]
[Round "5"]
[White "Babayev, Ramil"]
[Black "Srokovskiy, Alexander"]
[Result "0-1"]
[Termination "normal"]
[Board "3.6"]
[WhiteElo "1875"]
[BlackElo "1779"]
[WhiteTeam "Rheinland-Pfalz"]
[BlackTeam "Baden"]
[PlyCount "66"]
[WhiteFideId "24664243"]
[BlackFideId "24676330"]
[EventCountry "GER"]
[EventRounds "7"]
[EventType "team-swiss"]
[EventDate "2007.09.28"]

1. e4 d5 2. exd5 Qxd5 3. Nc3 Qa5 4. Bc4 Nf6 5. d3 c6 6. Bd2 Qc7 7. Qe2 g6 8.
Nf3 Bg7 9. h3 O-O 10. a3 e6 11. Nh2 Nd5 12. Bxd5 cxd5 13. O-O-O Bd7 14. h4 Rc8
15. d4 Bxd4 16. h5 Bg7 17. h6 Bh8 18. Qf3 d4 19. Ng4 f5 20. Bf4 fxg4 21. Qe4
Qc6 22. Rxd4 Qxe4 23. Rxe4 Bxc3 24. bxc3 Rxc3 25. Rd1 Rc8 26. Red4 e5 27. Bxe5
Nc6 28. Rxd7 Nxe5 29. Rg7+ Kh8 30. Rd5 Re8 31. Rxb7 a5 32. Rc5 Rac8 33. Rxa5
Nc4 0-1

[Event "DLM 2007"]
[Site "Verden/Aller GER"]
[Date "2007.10.01"]
[Round "5"]
[White "Kühnel, Lena"]
[Black "Voss, Janine"]
[Result "1/2-1/2"]
[Termination "normal"]
[Board "3.7"]
[WhiteElo "1639"]
[BlackElo "1740"]
[WhiteTeam "Baden"]
[BlackTeam "Rheinland-Pfalz"]
[PlyCount "63"]
[WhiteFideId "24640956"]
[BlackFideId "24677329"]
[EventCountry "GER"]
[EventRounds "7"]
[EventType "team-swiss"]
[EventDate "2007.09.28"]

1. d4 Nf6 2. Nf3 g6 3. Bf4 d5 4. e3 Bg7 5. Bd3 O-O 6. c3 b6 7. Nbd2 Bb7 8. O-O
Nbd7 9. Re1 c5 10. h3 Rc8 11. Ne5 Re8 12. Ndf3 Nxe5 13. Nxe5 Nd7 14. Bb5 Bxe5
15. Bxe5 Rf8 16. Bf4 a6 17. Bd3 Nf6 18. Qe2 b5 19. a4 c4 20. Bc2 Qb6 21. axb5
axb5 22. Qd2 Ra8 23. f3 Rxa1 24. Rxa1 Ra8 25. Qe1 Ra6 26. Kf2 Qa7 27. Rxa6 Qxa6
28. Qb1 Qa5 29. b4 Qa3 30. Qe1 Qb2 31. Qd2 Kg7 32. Be5 1/2-1/2

[Event "DLM 2007"]
[Site "Verden/Aller GER"]
[Date "2007.10.01"]
[Round "5"]
[White "Eimer, Christina"]
[Black "Schmitt, Katrin"]
[Result "0-1"]
[Termination "normal"]
[Board "3.8"]
[WhiteElo "1077"]
[BlackElo "1430"]
[WhiteTeam "Rheinland-Pfalz"]
[BlackTeam "Baden"]
[PlyCount "78"]
[WhiteFideId "24655767"]
[BlackFideId "24654400"]
[EventCountry "GER"]
[EventRounds "7"]
[EventType "team-swiss"]
[EventDate "2007.09.28"]

1. e4 e5 2. c3 Nf6 3. d4 exd4 4. Qxd4 Nc6 5. Qe3 d6 6. Bd3 Be6 7. Nf3 Be7 8.
Qe2 O-O 9. Bg5 Nd7 10. Bxe7 Qxe7 11. Nbd2 Nce5 12. Nc4 Nxd3+ 13. Qxd3 Nc5 14.
Qe2 Bxc4 15. Qxc4 Qxe4+ 16. Qxe4 Nxe4 17. O-O Rfe8 18. Rfe1 Nc5 19. b4 Na4 20.
c4 Kf8 21. Nd4 a6 22. f3 Rxe1+ 23. Rxe1 Re8 24. Rxe8+ Kxe8 25. Kf2 Nb2 26. c5
dxc5 27. bxc5 Nd3+ 28. Ke3 Nxc5 29. g4 Ne6 30. Nxe6 fxe6 31. Kd4 Ke7 32. h4 Kd6
33. h5 c5+ 34. Kc3 b5 35. a3 Ke5 36. Kd3 Kf4 37. Ke2 c4 38. Kd2 Kxf3 39. Kc3 e5
0-1

[Event "DLM 2007"]
[Site "Verden/Aller GER"]
[Date "2007.10.01"]
[Round "5"]
[White "Siebarth, Raiko"]
[Black "Friedrich, Paul-Robert"]
[Result "1-0"]
[Termination "normal"]
[Board "4.1"]
[WhiteElo "2182"]
[BlackElo "2060"]
[WhiteTeam "Thüringen"]
[BlackTeam "Mecklenburg-Vorpommern"]
[PlyCount "35"]
[WhiteFideId "4674766"]
[BlackFideId "24616036"]
[EventCountry "GER"]
[EventRounds "7"]
[EventType "team-swiss"]
[EventDate "2007.09.28"]

1. Nc3 c5 2. e4 Nc6 3. Bb5 e6 4. Bxc6 bxc6 5. d3 d6 6. f4 g6 7. Nf3 Bg7 8. O-O
Ne7 9. Kh1 Rb8 10. Qe1 O-O 11. b3 d5 12. e5 Nf5 13. Na4 c4 14. dxc4 dxc4 15.
Ba3 cxb3 16. axb3 Ba6 17. Bxf8 Bxf1 18. Bxg7 1-0

[Event "DLM 2007"]
[Site "Verden/Aller GER"]
[Date "2007.10.01"]
[Round "5"]
[White "Rittemann, Steffen"]
[Black "Schneider, Christian"]
[Result "1/2-1/2"]
[Termination "normal"]
[Board "4.2"]
[WhiteElo "2072"]
[BlackElo "2081"]
[WhiteTeam "Mecklenburg-Vorpommern"]
[BlackTeam "Thüringen"]
[PlyCount "157"]
[WhiteFideId "24620009"]
[BlackFideId "24613886"]
[EventCountry "GER"]
[EventRounds "7"]
[EventType "team-swiss"]
[EventDate "2007.09.28"]

1. e4 c6 2. d4 d5 3. exd5 cxd5 4. Bd3 Nc6 5. c3 Nf6 6. Bf4 Bg4 7. Qb3 Qc8 8.
Nd2 e6 9. Ngf3 Be7 10. O-O O-O 11. Rae1 Bh5 12. Ne5 Nxe5 13. Bxe5 Bg6 14. Bxg6
hxg6 15. Bxf6 Bxf6 16. f4 a6 17. g4 Qd7 18. Re3 Qb5 19. Qxb5 axb5 20. a3 b4 21.
axb4 Ra2 22. Rb1 Rfa8 23. Nb3 b6 24. Kg2 R8a3 25. Nd2 Ra8 26. Kg3 Ra1 27. Ree1
Rxb1 28. Rxb1 Ra2 29. Nb3 Be7 30. Kf3 Bd6 31. h3 f5 32. Nc1 Ra8 33. Nd3 Kf7 34.
Rh1 Ra2 35. g5 Ra8 36. Ke3 Rh8 37. h4 Ke7 38. Kd2 Ra8 39. Kc2 Kd7 40. h5 gxh5
41. Rxh5 Ke7 42. Rh4 Ra1 43. Nc1 Ra8 44. b3 Rc8 45. Kb2 Kf7 46. Nd3 Kg6 47. Rh1
Rc7 48. Rh8 Kf7 49. Rd8 Ke7 50. Ra8 Kf7 51. Ra6 Rb7 52. c4 Bc7 53. c5 Kg6 54.
c6 Rb8 55. Ra7 Rc8 56. b5 Kh5 57. Kc3 Kg4 58. Rb7 Kf3 59. g6 Ke3 60. b4 Ke4 61.
Ne5 Kxf4 62. Nd7 Ke3 63. Nxb6 Bxb6 64. Rxb6 f4 65. Rb7 e5 66. Re7 e4 67. Rxg7
f3 68. Rf7 f2 69. g7 Ke2 70. b6 Rxc6+ 71. Kb3 Rc8 72. b7 Rb8 73. Rf8 f1=Q 74.
g8=Q Rxf8 75. Qxd5 Qd1+ 76. Kc4 Qd3+ 77. Kc5 Qc3+ 78. Kb5 Kd3 79. Qc5 1/2-1/2

[Event "DLM 2007"]
[Site "Verden/Aller GER"]
[Date "2007.10.01"]
[Round "5"]
[White "Wendling, Hannes"]
[Black "Stemmler, Lysan"]
[Result "0-1"]
[Termination "normal"]
[Board "4.3"]
[WhiteElo "2137"]
[BlackElo "1832"]
[WhiteTeam "Thüringen"]
[BlackTeam "Mecklenburg-Vorpommern"]
[PlyCount "60"]
[WhiteFideId "24624284"]
[BlackFideId "24622451"]
[EventCountry "GER"]
[EventRounds "7"]
[EventType "team-swiss"]
[EventDate "2007.09.28"]

1. e4 d6 2. c4 Nf6 3. Nc3 g6 4. g3 Bg7 5. Bg2 e5 6. Nge2 O-O 7. O-O Ne8 8. d4
Nd7 9. f4 f5 10. dxe5 dxe5 11. exf5 Rxf5 12. Bh3 Rf8 13. f5 Nef6 14. fxg6 hxg6
15. Bg5 Qe8 16. Bg2 c6 17. Qd6 a5 18. Rae1 Ra6 19. Nf4 c5 20. Qd3 Nh7 21. Bd5+
Kh8 22. Nxg6+ Qxg6 23. Be4 Qxg5 24. Bxh7 Rh6 25. Be4 Qh5 26. Re2 Rxf1+ 27. Kxf1
Nf6 28. Bf3 Bh3+ 29. Kg1 Bg4 30. Qd8+ Kh7 0-1

[Event "DLM 2007"]
[Site "Verden/Aller GER"]
[Date "2007.10.01"]
[Round "5"]
[White "Hingst, Silke"]
[Black "Hannes, Diana"]
[Result "1/2-1/2"]
[Termination "normal"]
[Board "4.4"]
[WhiteElo "1552"]
[BlackElo "2036"]
[WhiteTeam "Mecklenburg-Vorpommern"]
[BlackTeam "Thüringen"]
[PlyCount "115"]
[WhiteFideId "4624564"]
[BlackFideId "24611344"]
[EventCountry "GER"]
[EventRounds "7"]
[EventType "team-swiss"]
[EventDate "2007.09.28"]

1. e4 c5 2. c3 Nf6 3. e5 Nd5 4. d4 cxd4 5. cxd4 Nc6 6. Bc4 Nb6 7. Bb3 d6 8.
exd6 Qxd6 9. Nf3 Be6 10. Be3 Bxb3 11. Qxb3 Qb4+ 12. Nbd2 e6 13. O-O Qxb3 14.
Nxb3 Nd5 15. Rac1 Bd6 16. Nc5 O-O-O 17. Ng5 Rhf8 18. Nge4 Bc7 19. Rfd1 Nde7 20.
Nc3 Kb8 21. a3 Bb6 22. Nb5 Nd5 23. Bg5 f6 24. Bh4 a6 25. Bg3+ e5 26. dxe5 axb5
27. exf6+ Ka7 28. Ne6 Nxf6 29. Nxd8 Rxd8 30. Bh4 Rxd1+ 31. Rxd1 Bd4 32. b3 Ne4
33. Kf1 Ka6 34. f3 Nc5 35. b4 Na4 36. Bf2 Be5 37. g3 Nb6 38. Bxb6 Kxb6 39. f4
Bf6 40. g4 h6 41. Ke2 Kc7 42. Ke3 Ne7 43. Ke4 Kc6 44. h3 Kc7 45. Rd2 Nc8 46.
Kf5 Nd6+ 47. Kg6 Nc4 48. Ra2 Kd6 49. g5 hxg5 50. fxg5 Bd4 51. h4 Ke7 52. h5 Kf8
53. h6 gxh6 54. gxh6 Kg8 55. a4 Ne5+ 56. Kh5 bxa4 57. Rxa4 Kh7 58. Ra5 1/2-1/2

[Event "DLM 2007"]
[Site "Verden/Aller GER"]
[Date "2007.10.01"]
[Round "5"]
[White "Tischer, Jana"]
[Black "Stövesand, Eric"]
[Result "1/2-1/2"]
[Termination "normal"]
[Board "4.5"]
[WhiteElo "1863"]
[BlackElo "1411"]
[WhiteTeam "Thüringen"]
[BlackTeam "Mecklenburg-Vorpommern"]
[PlyCount "96"]
[WhiteFideId "24617164"]
[BlackFideId "24651117"]
[EventCountry "GER"]
[EventRounds "7"]
[EventType "team-swiss"]
[EventDate "2007.09.28"]

1. e4 e5 2. Nf3 Nc6 3. d4 exd4 4. Nxd4 Bc5 5. Be3 Bxd4 6. Bxd4 Nf6 7. Nc3 O-O
8. Bc4 Re8 9. f3 a6 10. O-O b5 11. Bb3 d6 12. Be3 Ne5 13. Bg5 h6 14. Bh4 Ng6
15. Bxf6 Qxf6 16. Bd5 Rb8 17. Bc6 Rf8 18. Nd5 Qxb2 19. a4 Ne5 20. axb5 axb5 21.
Ne7+ Kh8 22. Bd5 Qb4 23. Nxc8 Rbxc8 24. Kh1 Nc4 25. Qe2 c6 26. Bxc4 bxc4 27. h3
d5 28. f4 Ra8 29. Rxa8 Rxa8 30. exd5 cxd5 31. Rd1 Rd8 32. f5 Qd6 33. Qh5 Qf6
34. c3 Kg8 35. Qf3 d4 36. cxd4 Rxd4 37. Qa8+ Kh7 38. Rxd4 Qxd4 39. Qe8 Qf6 40.
Qb5 c3 41. Qc5 g6 42. fxg6+ Kxg6 43. Qc4 Qe5 44. Qg4+ Kh7 45. Qc4 Kg7 46. Qg4+
Kf8 47. Qc8+ Ke7 48. Qb7+ Kf6 1/2-1/2

[Event "DLM 2007"]
[Site "Verden/Aller GER"]
[Date "2007.10.01"]
[Round "5"]
[White "Baier, Christoph"]
[Black "Pältz, Sebastian"]
[Result "0-1"]
[Termination "normal"]
[Board "4.6"]
[WhiteElo "1479"]
[BlackElo "1798"]
[WhiteTeam "Mecklenburg-Vorpommern"]
[BlackTeam "Thüringen"]
[PlyCount "66"]
[WhiteFideId "24655759"]
[BlackFideId "24648027"]
[EventCountry "GER"]
[EventRounds "7"]
[EventType "team-swiss"]
[EventDate "2007.09.28"]

1. d4 d5 2. c4 e6 3. Nc3 Nf6 4. Bg5 Nbd7 5. Nf3 c6 6. e3 Qa5 7. Qc2 Bb4 8. cxd5
exd5 9. Bd3 O-O 10. O-O h6 11. Bh4 Re8 12. a3 Bxc3 13. bxc3 Ne4 14. c4 Ndf6 15.
Qb3 Be6 16. c5 Rab8 17. a4 b6 18. cxb6 Rxb6 19. Qa3 Reb8 20. Rab1 Rxb1 21. Rxb1
Rxb1+ 22. Bxb1 g5 23. Bg3 Nc3 24. Bd3 g4 25. Nd2 Nxa4 26. Nb3 Qe1+ 27. Bf1 Nc3
28. Qa6 Bf5 29. Be5 Nfe4 30. Bg3 Qd1 31. Nc5 Nd2 32. Be5 Nxf1 33. Qxf1 Ne2+ 0-1

[Event "DLM 2007"]
[Site "Verden/Aller GER"]
[Date "2007.10.01"]
[Round "5"]
[White "Urban, Lars"]
[Black "Schreiber, Kevin"]
[Result "1-0"]
[Termination "normal"]
[Board "4.7"]
[WhiteElo "1467"]
[BlackElo "1272"]
[WhiteTeam "Thüringen"]
[BlackTeam "Mecklenburg-Vorpommern"]
[PlyCount "81"]
[WhiteFideId "4644034"]
[BlackFideId "24655830"]
[EventCountry "GER"]
[EventRounds "7"]
[EventType "team-swiss"]
[EventDate "2007.09.28"]

1. c4 e6 2. d4 d5 3. Nc3 Nf6 4. Bg5 Nbd7 5. Nf3 c6 6. e3 Qa5 7. Qc2 Ne4 8. Bf4
Bb4 9. Rc1 Qxa2 10. Nd2 Bxc3 11. bxc3 Qxc2 12. Rxc2 Nxd2 13. Kxd2 O-O 14. h4
Nf6 15. f3 h5 16. Rg1 Bd7 17. Be5 Kh8 18. g4 hxg4 19. fxg4 Ne4+ 20. Ke1 f6 21.
Bh2 g6 22. c5 b5 23. Bd3 a5 24. Bxe4 dxe4 25. Rf2 a4 26. Kd2 Kh7 27. Rgf1 a3
28. Bd6 Rf7 29. Kc2 f5 30. g5 a2 31. Ra1 Bc8 32. Kb3 Rfa7 33. Rfxa2 Ba6 34. Bg3
Kg8 35. Be1 b4 36. Kb2 Kf7 37. cxb4 Ke7 38. b5 cxb5 39. Ba5 Rd7 40. c6 Rd5 41.
Bb4+ 1-0